Drug relationship
Αποθηκεύτηκε σε:
| Κύριος συγγραφέας: | |
|---|---|
| Μορφή: | Βιβλίο |
| Γλώσσα: | English |
| Δημοσίευση: |
New Delhi :
B. Jain,
2005
|
| Έκδοση: | Reprint ed. |
| Θέματα: | |
| Ετικέτες: |
Προσθήκη ετικέτας
Δεν υπάρχουν, Καταχωρήστε ετικέτα πρώτοι!
|
MARC
| LEADER | 00000cam a2200000 i 4500 | ||
|---|---|---|---|
| 001 | 1/80526 | ||
| 008 | 080404s2005 eng d | ||
| 020 | |a 81-7021-065-8 | ||
| 035 | |l 10096235 | ||
| 040 | |a GR-MY-UA |b gre |e aacr | ||
| 041 | 0 | |a eng | |
| 082 | 0 | |a 615.532 |2 (22) | |
| 100 | 1 | |a Knerr, Calvin B. |q (Calvin Brobst), |d 1847-1940. | |
| 245 | 1 | 0 | |a Drug relationship / |c by Calvin B. Knerr |
| 250 | |a Reprint ed. | ||
| 260 | |a New Delhi : |b B. Jain, |c 2005 | ||
| 300 | |a 110 σ.; |c 21 εκ. | ||
| 650 | 0 | 0 | |a Homeopathy |x Materia medica and therapeutics. |
| 852 | |a INST |b SYROS |e 20080404 |h 615.532 KNE |p 005500006535 |q 005500006535 |t BK |y 0 | ||
| 852 | |a INST |b SYROS |e 20080404 |h 615.532 KNE |p 005500006536 |q 005500006536 |t BK |y 0 | ||
| 901 | |a BIBL5-2008-1 | ||
| 909 | |a Ε |b 133492 | ||
| 909 | |a Ε |b 133493 | ||
| 970 | |a ΤΣΟΥΚΑΛΑ |b ΑΛΙΚΗ |z 2008/04/04 | ||